[Event "Grenke Chess Classic 3rd"]
[Site "Baden-Baden"]
[Date "2015.02.08"]
[Round "6"]
[White "Caruana, Fabiano"]
[Black "Carlsen, Magnus"]
[Result "1/2-1/2"]
[WhiteElo "2811"]
[BlackElo "2865"]
[Annotator "ChessBase"]
[PlyCount "52"]
[EventDate "2015.02.02"]
[EventType "tourn"]
[EventRounds "7"]
[EventCountry "GER"]
[EventCategory "20"]
[SourceTitle "CBM 165"]
[Source "ChessBase"]
[SourceDate "2015.03.11"]
[SourceVersion "1"]
[SourceVersionDate "2015.03.11"]
[SourceQuality "1"]

1. e4 e5 2. Nf3 Nc6 3. Bb5 Nf6 4. O-O Nxe4 5. d4 Nd6 6. Bxc6 dxc6 7. dxe5 Nf5 8. Qxd8+ Kxd8 9. h3 h6 10. Rd1+ Ke8 11. Nc3 Ne7 12. Bf4 Ng6 13. Bh2 Bb4 14. Ne2 Be7 15. Nfd4 Nf8 $146 ({RR} 15... Bd7 16. Ng3 h5 17. Ngf5 Bf8 18. Re1 Ne7 19. e6 fxe6 20. Nxe7 Bxe7 21. Bxc7 Rc8 22. Ba5 Rh6 23. Rad1 c5 24. Nf3 Bf6 25. Bd2 Rh8 26. Ne5 Rd8 27. Bc3 Rh6 28. Rd6 Bc8 29. Rxd8+ Bxd8 30. Nc4 {Volokitin,A (2677)-Miroshnichenko,E (2651) Kiev 2011 1-0 (49)}) ({RR} 15... a6 16. Ng3 Nh4 17. Nh5 g6 18. Nf6+ Kf8 19. Ne4 c5 20. Nb3 c4 21. Na5 Bf5 22. f3 b5 23. Nc6 g5 24. a4 b4 25. e6 Bxe6 26. Nxe7 Kxe7 27. Bxc7 f5 28. Nc5 Rhe8 29. Rd6 Bf7 30. Nd7 {Palac,M (2593)-Drazic,S (2536) Skopje 2012 1-0 (33)}) 16. g4 h5 17. Nf5 Ne6 18. Kg2 b6 19. f3 c5 20. Bg3 Bg5 (20... Bb7 {was also perfectly possible.}) 21. h4 hxg4 {and now the draw is forced} 22. hxg5 gxf3+ 23. Kxf3 Nxg5+ 24. Kf4 (24. Kg4 Nh3 {is risky for White:} 25. e6 Bxe6 26. Nf4 g6 27. Nxe6 gxf5+ 28. Kxf5 fxe6+ 29. Kg4 e5 $1 {with this key move the knight from h3 is rescued and Black remains out a pawn, though probably one that is very hard to convert.} 30. Bxe5 (30. Rd5 Ke7 $15) (30. Re1 Kd7 $1 $17) 30... Nf2+ $17) 24... Nh3+ 25. Ke4 Ng5+ 26. Kf4 Nh3+ 1/2-1/2

[Event "Gashimov Memorial 2nd"]
[Site "Shamkir"]
[Date "2015.04.17"]
[Round "1"]
[White "Anand, Viswanathan"]
[Black "Carlsen, Magnus"]
[Result "1/2-1/2"]
[WhiteElo "2791"]
[BlackElo "2863"]
[Annotator "Pavlovic,Milos"]
[PlyCount "106"]
[EventDate "2015.04.17"]
[EventType "tourn"]
[EventRounds "9"]
[EventCountry "AZE"]
[EventCategory "21"]
[SourceTitle "CBM 166"]
[Source "ChessBase"]
[SourceDate "2015.05.11"]
[SourceVersion "1"]
[SourceVersionDate "2015.05.11"]
[SourceQuality "1"]

1. e4 e5 2. Nf3 Nc6 3. Bb5 a6 {No Berlin this time.} 4. Ba4 Nf6 5. O-O Be7 6. Re1 b5 7. Bb3 O-O 8. c3 d5 {The Marshall Attack is definitely one of the most popular choices on the top level.} 9. exd5 Nxd5 10. Nxe5 Nxe5 11. Rxe5 c6 12. d3 Bd6 13. Re1 Bf5 14. Qf3 Bg6 {A completely new idea. I will add here a recent game from the USA Ch..} (14... Qh4 15. g3 Qh3 16. Be3 Bxd3 17. Nd2 Bf5 {rare choice , usually they go 17..f5} 18. Bd4 Rfe8 19. c4 (19. Bxd5 cxd5 20. Qxd5 Bf8 {this must be critical for the evaluation of Black's idea. White is a pawn up but the bishop pair and weak light squares help Black immensely in getting his usual compensation}) 19... Bg4 20. Qg2 Qxg2+ 21. Kxg2 Nb4 22. Ne4 Bf8 23. cxb5 {Now Black has a few ideas:} cxb5 (23... Be6 $5 24. b6 (24. Bxe6 Rxe6 25. Nc3 Rxe1 26. Rxe1 axb5 {again Black is ok}) 24... Bxb3 25. b7 Bd5 26. bxa8=Q Rxa8 27. f3 Nc2 {is fine for Black}) (23... axb5 24. Ng5 Bh5 25. g4 Rxe1 26. Rxe1 Bg6 27. f4 h6 28. f5 Bh5 29. gxh5 hxg5 30. a3 c5 {Black has enough counterplay}) 24. Ng5 Bh5 25. g4 Bg6 26. f4 Nc2 27. Rxe8 Rxe8 28. Rd1 Nxd4 {not best; after this White takes over the initiative} (28... h6 $5 29. f5 Bh5 30. gxh5 hxg5 31. Bf2 Ne3+ 32. Bxe3 Rxe3 33. Rd7 Be7 34. Ra7 Re2+ 35. Kf3 Re3+ $1 $11) 29. Rxd4 Be7 30. Nf3 Bb1 31. Nd2 $18 {1-0 (36) So,W (2788)-Onischuk,A (2665) Saint Louis 2015, White is wining}) 15. Bxd5 cxd5 16. Bf4 d4 17. cxd4 Bb4 18. Nc3 Qxd4 19. Be5 Qd7 $146 {Black had to take on d3 and although it looks a bit unpleasant it seems that Black can hold:} (19... Qxd3 20. Re3 {now two reasonable moves for Black:} Qc4 (20... Qf5 21. Qxf5 Bxf5 22. Nd5 Bc5 23. Rc3 Rac8 24. Rac1 Rfe8 25. Rxc5 Rxc5 26. Rxc5 Rxe5 27. f4 $14) 21. Nd5 Rad8 22. Nf6+ (22. Rd1 f6 $1 {with good play}) 22... Kh8 $1 {is fine for Black.}) ({RR} 19... Qxd3 20. Re3 Qc4 21. b3 Qc5 22. Nd5 Rad8 23. Rd1 f6 24. Bc7 Rd7 25. Nxb4 Rxd1+ 26. Qxd1 Qxb4 27. Bd8 Qf4 28. h3 Qb8 29. Be7 Re8 30. Bd6 Qa8 31. Rxe8+ Bxe8 32. Qe2 h6 33. Kh2 Qd8 34. Qe7 {Harikrishna,P (2752)-Inarkiev,E (2732) Monzon 2016 ½-½ (35)}) ({RR} 19... Qxd3 20. Re3 Qc4 21. Nd5 Rad8 22. Nxb4 Qxb4 23. a3 Qc5 24. Bc3 Rfe8 25. Rae1 f6 26. Rxe8+ Rxe8 27. Rxe8+ Bxe8 28. Qa8 Qc6 29. Qxc6 Bxc6 {½-½ (29) Wei,Y (2735)-Inarkiev,E (2690) Magas 2018}) 20. Nd5 $1 f6 (20... Bxe1 21. Nf6+ $1 gxf6 22. Qxf6 $18) 21. Nxb4 fxe5 22. Qd5+ Qxd5 23. Nxd5 Bxd3 24. Rxe5 {He is a clear pawn up} Rfe8 25. Rxe8+ Rxe8 26. Ne3 Rc8 27. a3 a5 28. h4 Bg6 29. Rd1 b4 30. axb4 axb4 31. g4 b3 {Carlsen is putting up the best defence.} 32. h5 Bf7 33. Kg2 Kf8 34. Kg3 Ra8 35. Rd2 {This is probably winning for Anand; everyone noticed that during the live comentaries, but to win it it is not easy, otherwise we wouldn't be talking now about a draw in this game, but about 1-0. Somehow it is not easy to find a clear winning path for Anand, and computers defend Carlsen's position with utmost accuracy.} h6 36. Nf5 Be6 37. Nd4 Bf7 38. f3 Rc8 39. Kf4 Rc1 40. Nf5 Kg8 41. Rd8+ Kh7 42. Rd7 Kg8 43. Rd8+ Kh7 44. Rd7 Kg8 45. Nd6 {White has many ideas here; let's try some.} (45. Rb7 Rc2 46. Nd6 Be6 47. Ke5 Re2+ 48. Ne4 Bf7 49. f4 ({another try might be} 49. g5 Bxh5 50. Rxb3 hxg5 51. Kf5 Kf8 52. Nxg5 {with a big advantage but still no clear winning path}) 49... Rxb2 ({But Black doesn't need to be cooperative as pointed out by Rainer Knaak so} 49... Kf8 $5 50. Rb8+ Ke7 51. f5 Be8 $1 52. Rb7+ Kf8 53. Rxb3 Bc6 54. Rb4 Bxe4 55. Rxe4 Rxb2 {and Black should make a draw here, surely not an easy defence, but it is possible that Carlsen might have seen it.}) 50. g5 Bxh5 51. gxh6 Rg2 52. hxg7 {White wins, that was one possible line for instance.}) (45. Nh4 Be6 46. Rb7 Bd5 $1 {very precise!} (46... Rc2 $2 47. Ng6 Bc4 48. Rb8+ Kf7 49. Ke5 $1 {White wins}) 47. Rb8+ Kh7 $1 (47... Kf7 48. Ke5 $1 {with the mating idea g6}) 48. Ng6 Bg8 49. Ne7 Bf7 50. Rb7 Rc2 51. Nf5 Kg8 {and we have reached the same position as after 45.b7 c2.}) 45... Be6 46. Re7 Bd5 47. Kf5 $2 {A mistake that spoils all his advantage and all chances to play for win.} Rc6 $1 {Now it is just a draw.} 48. Ke5 Bxf3 49. Nf5 g5 50. Rg7+ Kh8 51. Rg6 Kh7 52. Rg7+ Kh8 53. Rg6 Kh7 1/2-1/2

[Event "Gashimov Memorial 2nd"]
[Site "Shamkir"]
[Date "2015.04.20"]
[Round "4"]
[White "Adams, Michael"]
[Black "Carlsen, Magnus"]
[Result "1/2-1/2"]
[WhiteElo "2745"]
[BlackElo "2863"]
[PlyCount "76"]
[EventDate "2015.04.17"]
[EventType "tourn"]
[EventRounds "9"]
[EventCountry "AZE"]
[EventCategory "21"]
[SourceTitle "CBM 166"]
[Source "ChessBase"]
[SourceDate "2015.05.11"]
[SourceVersion "1"]
[SourceVersionDate "2015.05.11"]
[SourceQuality "1"]

1. e4 e5 2. Nf3 Nc6 3. Bb5 g6 4. c3 a6 5. Ba4 d6 6. d4 Bd7 7. O-O Bg7 8. d5 Nce7 9. Bxd7+ Qxd7 10. c4 h6 11. Nc3 f5 12. exf5 gxf5 13. Nh4 Nf6 14. f4 e4 15. Be3 O-O 16. Ne2 c6 17. dxc6 bxc6 18. Bd4 c5 19. Bc3 Qe6 $146 ({RR} 19... d5 20. cxd5 Nexd5 21. Ng3 Nxc3 22. bxc3 Qxd1 23. Raxd1 Ng4 24. Nhxf5 Bxc3 25. h3 Nf6 26. Nxh6+ Kh7 27. Nhf5 Rad8 28. Nd6 Bd4+ 29. Rxd4 cxd4 30. Ngxe4 Nxe4 31. Nxe4 Kg6 32. g4 d3 33. f5+ Kg7 34. Ng5 {Pourkashiyan,A (2322)-Gombocz,F (2205) Chess.com INT 2022 ½-½ (90)}) ({RR} 19... d5 20. cxd5 Nexd5 21. Ng3 Nxc3 22. bxc3 Qxd1 23. Raxd1 Ng4 24. Nhxf5 Bxc3 25. h3 Nf6 26. Nxh6+ Kh7 27. Nhf5 Rad8 28. Nd6 Bd4+ 29. Rxd4 cxd4 30. Ngxe4 Nxe4 31. Nxe4 Kg6 32. g4 d3 33. f5+ Kg7 34. Ng5 {Pourkashiyan,A (2322)-Gombocz,F (2205) Chess.com INT 2022 ½-½ (90)}) 20. Rc1 Rf7 21. Ng3 Kh7 22. Qe2 Rg8 23. Rfd1 Ne8 24. Nh5 Bxc3 25. bxc3 Rg4 26. g3 Rxh4 27. gxh4 Ng6 28. Kh1 Nxh4 29. Rg1 Nf3 30. Rg3 Re7 31. Rd1 Qf7 32. Rh3 Re6 33. Rb1 Rg6 34. Rg3 Re6 35. Rh3 Re7 36. Rd1 Re6 37. Rb1 Re7 38. Rd1 Re6 1/2-1/2

[Event "Gashimov Memorial 2nd"]
[Site "Shamkir"]
[Date "2015.04.24"]
[Round "7"]
[White "Carlsen, Magnus"]
[Black "Kramnik, Vladimir"]
[Result "1-0"]
[WhiteElo "2863"]
[BlackElo "2783"]
[Annotator "Pavlovic,Milos"]
[PlyCount "97"]
[EventDate "2015.04.17"]
[EventType "tourn"]
[EventRounds "9"]
[EventCountry "AZE"]
[EventCategory "21"]
[SourceTitle "CBM 166"]
[Source "ChessBase"]
[SourceDate "2015.05.11"]
[SourceVersion "1"]
[SourceVersionDate "2015.05.11"]
[SourceQuality "1"]

1. e4 e5 2. Nf3 Nc6 3. Bb5 Nf6 {Yet another big clash in the Berlin.} 4. d3 Bc5 5. c3 O-O 6. O-O d6 7. h3 Ne7 8. d4 Bb6 9. Bd3 d5 {Trying to use the momentum to free the game by further exchanges is logical, and we all know this trademark of Kramnik.} ({Usual is also} 9... Ng6 {with a normal type of game.}) 10. Nbd2 dxe4 ({A bit of computer type of chess might be} 10... exd4 11. e5 Nh5 $5 12. Ng5 g6 13. cxd4 Ng7 14. Nb3 f6 15. Nf3 {with interesting play for both sides.}) 11. Nxe4 Nxe4 12. Bxe4 exd4 13. Qc2 $146 {An interesting new attempt, the point is that it is not one move but a whole concept that Carlsen found.} ({RR} 13. cxd4 Bf5 14. Bxb7 Rb8 15. Ba6 Be4 16. Re1 Bxf3 17. Qxf3 Bxd4 18. Bc4 Ng6 19. Bb3 Ne5 20. Qg3 Nd3 21. Re2 Nxc1 22. Rxc1 c5 23. Qf4 Rb6 24. Qe4 Rf6 25. g3 g6 26. Kg2 Kg7 27. f4 a5 {Duda,J (2603)-Vallejo Pons,F (2705) Wroclaw 2014 1-0 (41)}) 13... h6 (13... f5 14. Bd3 Nc6 15. Re1 Kh8 16. Bf4 dxc3 17. bxc3 Qf6 18. Bc4 Bd7 19. Rad1 {with major compensation, Black is facing difficulties in developing his pieces.}) 14. a4 $1 {Unusual and very deep as we will see. Carlsen came fully prepared for this game.} c6 {A solid approach, Black could have tried to defend the pawn or simply take another one.} (14... dxc3 15. Rd1 Qe8 16. Qxc3 a5 17. b3 f6 18. Ba3 Qf7 19. Nh4 {with the initiative, an unpleasant one I may add.}) (14... c5 15. Rd1 a5 16. Bf4 $5 (16. cxd4 cxd4 17. Nxd4 Bxd4 18. Be3 Nf5 19. Bxf5 Bxf5 20. Qxf5 Qf6 21. Qxf6 Bxf6 22. Rd7 Bxb2 23. Rb1 Bc3 24. Rbxb7 {looks defendable for Black}) 16... Re8 17. cxd4 cxd4 18. Be5 Nd5 19. Bxd4 Nb4 20. Qe2 Bxd4 21. Rxd4 Qb6 22. Bh7+ Kf8 23. Qd2 {with initiative.}) 15. Rd1 Nd5 16. Nxd4 Re8 17. a5 $3 {Probably this had been worked out by Carlsen, it is really a nice play.} Bxa5 {Kramnik decides to take the pawn, going back to c7 is also possible.} (17... Bc7 18. Nf3 ({The direct} 18. a6 Qd6 19. Nf3 bxa6 20. c4 Nb4 21. Qa4 Qe7 {is ok for Black}) 18... Qf6 19. Bd2 Nf4 20. a6 bxa6 21. Bxf4 Bxf4 22. Qa4 {again Black is confronted with slight but lasting pressure.}) 18. Nf3 b5 19. Nd4 Bc7 (19... Bb7 20. Bxd5 cxd5 21. Nxb5 Bb6 22. Bf4 Re6 23. Nd4 Re4 24. Be3 Qf6 25. Qd3 Rae8 26. Nc2 $1 {I guess something like this must have been the idea, if Black can't play ...d4 to open lines for the bishop then he is facing problems.}) (19... Bd7 20. Nxb5 $14 {is simply better for White.}) 20. Nxc6 Qd6 21. g3 Bb7 22. Bf4 $1 {White is better.} Qxc6 ({The alternative was better:} 22... Qd7 23. c4 $1 (23. Nb4 Bxf4 24. Nxd5 Bd6 25. Nf6+ gxf6 26. Bxb7 Qxb7 27. Rxd6 Qf3 28. Qd1 Qxd1+ 29. Raxd1 {White is slightly better}) 23... Bxf4 24. cxb5 Qxh3 25. Bxd5 Bg5 26. Qc4 Rf8 27. Ra3 $16) 23. Bxd5 {By giving the queen it is just winning now for White.} Re1+ 24. Kh2 Qxd5 25. Rxd5 Rxa1 26. Rd1 Rxd1 27. Qxd1 Rd8 28. Qe2 Bb6 29. Be3 Bxe3 30. Qxe3 Rd1 31. g4 Bc6 32. Qc5 Bd7 33. Qxa7 {This is simply technical now.} Rd2 34. Kg3 Rd3+ 35. Kf4 Kh7 36. Qb7 Rd2 37. Ke3 Rd6 38. f4 g6 39. Qb8 Rd5 40. Ke4 Be6 41. Qb7 Rc5 42. Kd4 Rc4+ 43. Ke5 b4 44. cxb4 Rc2 45. Kf6 Rxb2 46. Qb8 Rf2 47. f5 gxf5 48. Qg3 Rf1 49. g5 1-0

[Event "Norway Chess 3rd"]
[Site "Stavanger"]
[Date "2015.06.17"]
[Round "2"]
[White "Caruana, Fabiano"]
[Black "Carlsen, Magnus"]
[Result "1-0"]
[WhiteElo "2805"]
[BlackElo "2876"]
[Annotator "Wagner,Dennis"]
[PlyCount "89"]
[EventDate "2015.06.16"]
[EventType "tourn"]
[EventRounds "9"]
[EventCountry "NOR"]
[EventCategory "22"]
[SourceTitle "CBM 167"]
[Source "ChessBase"]
[SourceDate "2015.07.13"]
[SourceVersion "1"]
[SourceVersionDate "2015.07.13"]
[SourceQuality "1"]

{This game was played in the 2nd round of the Norway Chess tournament in Stavanger. It has to be mentioned that Carlsen entered this game with a certain psychological handicap, as he had lost his game in round one against Veselin Topalov on time in a winning position, because he didn't know the time control.} 1. e4 {Adhiban,Baskaran} e5 2. Nf3 Nc6 3. Bb5 Nf6 {Definitely not for the first time the two experts have chosen the Berlin as their battleground.} 4. O-O Nxe4 5. d4 {Caruana is principled enough to enter the ending.} Nd6 6. Bxc6 dxc6 7. dxe5 Nf5 8. Qxd8+ Kxd8 9. h3 h6 $5 {That's the third time Carlsen has chosen this setup against Caruana. The move h6 controls the important g5-square, but has the drawback that White can seize space with g4 at the appropriate moment.} (9... Ke8 10. Nc3 h5 {is the mainline.}) 10. Rd1+ Ke8 11. Nc3 Ne7 (11... Bd7 {led to another disaster for Carlsen against the same opponent.} 12. Bf4 Rd8 13. Ne4 Be7 14. g4 Nh4 15. Nxh4 Bxh4 16. Kg2 Be6 17. f3 b6 18. b3 c5 19. c4 Rd7 20. Bg3 Be7 21. Rxd7 Bxd7 22. Nc3 Kd8 23. Nd5 Re8 24. Rd1 Kc8 25. Nxc7 $16 {1-0 (53) Caruana,F (2783)-Carlsen,M (2881) Shamkir 2014}) 12. b3 $1 {I think that the b3-setup is the most promising against the line with h6 and e7.} (12. Bf4 {Apparently Caruana wasn't content with the result of their last game in this line.} Ng6 13. Bh2 Bb4 14. Ne2 Be7 15. Nfd4 Nf8 16. g4 h5 17. Nf5 Ne6 18. Kg2 b6 19. f3 c5 20. Bg3 Bg5 21. h4 hxg4 22. hxg5 gxf3+ 23. Kxf3 Nxg5+ 24. Kf4 Nh3+ 25. Ke4 Ng5+ 26. Kf4 Nh3+ {1/2-1/2 (26) Caruana,F (2811) -Carlsen,M (2865) Baden-Baden 2015}) 12... Bf5 {Carlsen immediately activates his light-squared bishop.} (12... Ng6 $5 {is an alternative.} 13. Bb2 Be7 14. Ne2 (14. Ne4 Nf4 15. Nd4 Bd7 16. Ng3 c5 17. Nde2 Nxe2+ 18. Nxe2 Rd8 $11 {1/2-1/2 (37) Svetushkin,D (2597)-Kryvoruchko,Y (2676) Achaea 2012}) 14... h5 15. a4 a5 16. c4 $14 {1-0 (83) Kamsky,G (2705)-Bruzon Batista,L (2679) Khanty-Mansiysk 2010}) 13. Nd4 Bh7 14. Bb2 Rd8 15. Nce2 $1 (15. e6 {is rather harmless, if Black reacts precisely.} Nd5 $1 $11 (15... Nc8 16. Nce2 Bd6 17. c4 Ne7 (17... f6 18. g4 h5 $11) 18. Rac1 b6 19. g4 f6 20. f4 {1/2 (65)-1/2 (65) Polgar, J (2689)-Howell,D (2644) Warsaw 2013; with a complicated position, where White has the initiative.}) 16. Nxd5 (16. Nce2 Bd6 17. c4 Nb4 18. Bc3 Rg8 $132) 16... cxd5 17. exf7+ Kxf7 18. Nf3 Bd6 19. Ne5+ Bxe5 20. Bxe5 c6 $11) 15... Nd5 $146 (15... g5 {is another idea, but creates some further weaknesses.} 16. c4 (16. e6 Rg8 $1 $11) 16... Bg7 17. Ng3 Bg6 18. Re1 a6 (18... Kd7 19. e6+ fxe6 20. Rad1 Kc8 21. Nxc6 Nxc6 22. Rxd8+ Kxd8 23. Bxg7 Rh7 24. Bc3 $14) 19. Nf3 Rg8 20. Ne4 Bxe4 21. Rxe4 c5 22. h4 $1 gxh4 23. Rxh4 Ng6 24. Re4 $14 {White is slightly better, because of his mobile kingside majority, but Black can hope to compensate for this with his control of the d-file.}) ({RR} 15... a6 16. c4 c5 17. Nf3 Nc6 18. Nf4 Bc2 19. Rxd8+ Nxd8 20. e6 f6 ({RR} 20... Nxe6 21. Re1 Rg8 22. Nxe6 fxe6 23. Rxe6+) 21. Rc1 ({RR} 21. Re1) 21... Bf5 ({RR} 21... Bh7 22. Re1 Nc6 23. Nh5) 22. Re1 Bd6 23. Nh4 Bc2 24. Nh5 Rh7 25. f4 Nc6 26. g4 Nd4 27. f5 a5 28. Kf2 a4 29. bxa4 Bxa4 30. Re3 {Grischuk,A (2750)-Fressinet,L (2712) Reykjavik 2015 CBM 170 [Adhiban,Baskaran] 1-0 (43)}) 16. c4 Nb4 17. Nf4 Rg8 18. g4 {I already like White's position. The knight on b4 is out of the game, while Black is still far away from active counterplay. Anyway, Black should still be ok here.} Na6 $2 {But that´s the start of major problems.} (18... g5 $6 19. Nh5 Be7 20. Nf5 $14) (18... Nc2 $1 {Black can hope to survive by exchanging his bad knight.} 19. Nxc2 Rxd1+ 20. Rxd1 Bxc2 21. Rd2 Bb1 22. Bc3 Be7 23. Ne2 {might be the best try, since Black can't attack ths knight on this square.} (23. Kg2 Bg5 $1 {with a good exchange for Black} 24. Kg3 Bxf4+ 25. Kxf4 Ke7 $11) (23. Nh5 Bg6 24. Kg2 Bxh5 25. gxh5 Bg5 26. Rd4 c5 27. Rd5 g6 28. Rxc5 gxh5 29. Kf3 c6 $11) 23... Ba3 24. Kg2 Ke7 25. Nd4 Rd8 26. Nf5+ Bxf5 27. gxf5 Rxd2 28. Bxd2 $14) (18... Be7 $5 {is also possible.} 19. Nf5 (19. Bc3 Nc2 20. Nxc2 Rxd1+ 21. Rxd1 Bxc2 22. Rd2 Bg5 $11) 19... Bg5 20. Ne2 c5 21. Rxd8+ (21. f4 Bxf5 22. gxf5 Bh4 23. Rxd8+ Kxd8 24. Rd1+ Kc8 $11) 21... Kxd8 22. Rd1+ Kc8 23. a3 Nc6 24. Kg2 {with a double-edged position where Black should be able to defend successfully.}) 19. Nf5 Nc5 20. Rxd8+ (20. Kg2 $5 {is also good, e.g.} Ne6 21. Nxe6 fxe6 22. Rxd8+ Kxd8 23. Rd1+ Kc8 24. Nd4 Kd7 25. Ne2+ Ke7 26. Kf3 $14) 20... Kxd8 21. Rd1+ Kc8 22. Ba3 $5 {Setting a cunning trap...} Ne6 $2 {...which Carlsen runs into!} (22... Bxf5 $6 23. gxf5 g6 24. fxg6 (24. f6 g5 (24... Ne6 25. Nxe6 Bxa3 26. Ng7 Bb2 27. f4 g5) 25. Nh5 Ne6 26. Bxf8 Rxf8 27. Kg2 Re8 28. Kg3 $14) 24... Ne6 25. Bxf8 Nxf4 (25... Nxf8 26. Kg2 Nxg6 27. Nxg6 Rxg6+ 28. Kf3 $14) 26. g7 Ne6 27. Kh2 Nxf8 28. gxf8=Q+ Rxf8 29. Kg3 $14 {with a dangerous edge in the rook ending.}) (22... b6 $5 {is more pleasant for White, but nothing decisive of course.}) 23. Nxe6 Bxa3 {A sad necessity.} ({Probably Carlsen had planned} 23... fxe6 {but overlooked the strong reply} 24. Be7 $3 $18) 24. Nexg7 Bf8 25. e6 $1 Bxf5 26. Nxf5 fxe6 27. Ng3 $16 {This is a nightmare for every Berlin-player. The black structure has even worsened and White can exploit the kingside majority without the slightest risk.} Be7 28. Kg2 Rf8 29. Rd3 $1 {[%cal Gd3f3] A great square for the rook.} Rf7 30. Nh5 Bd6 31. Rf3 Rh7 (31... Rxf3 32. Kxf3 Kd7 33. Ke4 {is also just bad.}) 32. Re3 Re7 33. f4 {The rest is a matter of technique.} Ba3 34. Kf3 Bb2 35. Re2 Bc3 36. g5 Kd7 37. Kg4 Re8 38. Ng3 Rh8 39. h4 b6 40. h5 c5 41. g6 Re8 42. f5 exf5+ 43. Kf4 Rh8 44. Nxf5 Bf6 45. Rg2 {A convincing technical game by Caruana and a tough start for the World Champion.} 1-0